Rozpoznaj amerykańskiego rapera po wersach - Statystyki

Ogólne statystyki
  • Ten quiz został rozwiązany 421 razy
  • Średni wynik to 6 z 12
Statystyki odpowiedzi
Tekst Raper % Poprawnych
In New York I Milly Rock (rock) Hide it in my sock (sock) Running from the opp (opp) Playboi Carti
76%
Bustin' all the bells out the box I just hit a lick with the box Roddy Ricch
76%
I got black, I got white, what you want?
Hop outside a Ghost and hop up in a Phantom
I know I'm 'bout to blow-oh-woah-oh, I ain't dumb
They try to take my flow, I take they ass for ransom
Lil Tecca
71%
She thought it was the ocean, it's just the pool Now I got her open, it's just the Goose Who put this shit together? I'm the glue (someone said) Travis Scott
69%
Okay, alright, that's fine, okay (okay) I'm feelin' too sexy to accept requests (way too sexy) And I'm way too sexy to go unprotected (way too sexy) And she popped a Tesla, now she goin' electric Drake
68%
Raindrop, drop top (drop top) Smokin' on cookie in the hotbox (cookie) Fuckin' on your bitch she a thot, thot, thot (thot) Migos
67%
Juss wakin' up in tha mornnin', gotta thank God I don't know but today seems kinda odd No barkin' from the dog, no smog And momma cooked a breakfast with no hog Ice Cube
48%
Going to the jeweler, bust the AP, yeah Slidin' on the water like a jet-ski, yeah I'm tryna fuck you and your bestie, yeah Chopper with the scope so do not test me, yeah Offset
42%
I will turn a nigga into a convertable Push me a lil' nigga top back (Vroom) DaBaby
29%
I could put the ball in the end zone Put a bad bitch in the friendzone, ooh This shit sound like an intro Jetson, give me that tempo, ooh Jack Harlow
24%
Who's this, he should be in cockpit (Uh-huh) 'Cause I'm flyer than a fucking ostrich (Huh) Ski Mask The Slump God
21%
You was never really rootin' for me anyway
When I'm back up at the top I wanna hear you say
He don't run from nothin', dog
Get your soldiers, tell 'em that the break is over
Lil Nas X
20%
Nie znaleziono quizów pasujących do podanych kryteriów
Rozkład punktacji
Procent ludzi z każdym wynikiem
Percentyl według liczby udzielonych odpowiedzi
Twoja historia wyników
Nie rozwiązałeś tego quizu